| 000 | 00551nam a22001937a 4500 | ||
|---|---|---|---|
| 003 | KOHA_MİRAKIL | ||
| 005 | 20250417172916.0 | ||
| 008 | 250417b tu ||||| |||| 00| 0 tur d | ||
| 020 | _a9789750517914 | ||
| 040 |
_aTR-AnABB _btur _cTR-AnABB |
||
| 041 | _atur | ||
| 082 |
_a813.4203 _bKAR 2015 |
||
| 100 | 1 | _aKaraduman, Alev, | |
| 245 | 1 | 0 |
_aAnlıyorum ama konuşamıyorum / _cAlev Karaduman |
| 260 |
_aİstanbul : _bİletişim Yayınları, _c2015 |
||
| 300 |
_a287 sayfa ; _c19 cm |
||
| 650 | 0 | 4 | _aTürk edebiyatı, roman |
| 942 |
_2ddc _cBK |
||
| 999 |
_c8778 _d8778 |
||
| 900 | _bGizem YORULMAZ | ||